Mga uod at rosas (Record no. 17052)
[ view plain ]
| 000 -LEADER | |
|---|---|
| fixed length control field | 00862nam a22003137a 4500 |
| 001 - CONTROL NUMBER | |
| control field | 17046652 |
| 003 - CONTROL NUMBER IDENTIFIER | |
| control field | OSt |
| 005 - DATE AND TIME OF LATEST TRANSACTION | |
| control field | 20140310182857.0 |
| 008 - FIXED-LENGTH DATA ELEMENTS--GENERAL INFORMATION | |
| fixed length control field | 111116s2010 ph 000 1 tgl |
| 010 ## - LIBRARY OF CONGRESS CONTROL NUMBER | |
| LC control number | 2011308496 |
| 020 ## - INTERNATIONAL STANDARD BOOK NUMBER | |
| International Standard Book Number | 9789710172443 |
| 040 ## - CATALOGING SOURCE | |
| Original cataloging agency | DLC |
| Transcribing agency | DLC |
| 042 ## - AUTHENTICATION CODE | |
| Authentication code | lcode |
| 050 00 - LIBRARY OF CONGRESS CALL NUMBER | |
| Classification number | PL 6064.1 |
| Item number | .R457 2010 |
| 082 ## - DEWEY DECIMAL CLASSIFICATION NUMBER | |
| Classification number | FIL 899.2113 |
| Item number | .R456u 2010 |
| 100 1# - MAIN ENTRY--PERSONAL NAME | |
| Personal name | Reyes, Edgar. |
| 245 14 - TITLE STATEMENT | |
| Title | Mga uod at rosas |
| Statement of responsibility, etc | Reyes, Edgardo M. |
| 260 ## - PUBLICATION, DISTRIBUTION, ETC. (IMPRINT) | |
| Place of publication, distribution, etc | Quezon City |
| Name of publisher, distributor, etc | C & E Pub. |
| Date of publication, distribution, etc | c2010 |
| 300 ## - PHYSICAL DESCRIPTION | |
| Extent | xvii, 183 p. |
| Dimensions | 18 cm. |
| 500 ## - GENERAL NOTE | |
| General note | Novel. |
| 521 ## - TARGET AUDIENCE NOTE | |
| Target audience note | |
| 526 ## - STUDY PROGRAM INFORMATION NOTE | |
| Reading level | 1210L to 1700L |
| 541 ## - IMMEDIATE SOURCE OF ACQUISITION NOTE | |
| -- | 1 |
| 546 ## - LANGUAGE NOTE | |
| Language note | In Tagalog. |
| 562 ## - COPY AND VERSION IDENTIFICATION NOTE | |
| Number of copies | For Circulation. 1 Copy Available in the Collection |
| 906 ## - LOCAL DATA ELEMENT F, LDF (RLIN) | |
| a | 7 |
| b | cbc |
| c | origode |
| d | 4 |
| e | ncip |
| f | 20 |
| g | y-gencatlg |
| 942 ## - ADDED ENTRY ELEMENTS (KOHA) | |
| Source of classification or shelving scheme | Library of Congress Classification |
| Koha item type | Books |
| Call number prefix | Filipininana |
| Withdrawn status | Lost status | Source of classification or shelving scheme | Damaged status | Home library | Current library | Shelving location | Date acquired | Total Checkouts | Total Renewals | Full call number | Barcode | Date last seen | Date checked out | Copy number | Price effective from | Koha item type |
|---|---|---|---|---|---|---|---|---|---|---|---|---|---|---|---|---|
| Library of Congress Classification | College Library | College Library | Filipiniana Section | 06/08/2012 | 2 | 8 | PL 6064.1 .R457 2010 | c14704 | 02/27/2020 | 02/24/2020 | 1 | 06/08/2012 | Books |